00877cam a22001937 4500001001300000003000400013005001700017008004100034010001700075040001300092050002400105245034300129260003600472300002000508650004100528650005200569710004500621999001700666e 11000706 DLC20260227111155.0990728s1905 nyu l000 0 eng  ae 11000706  aDLCcDLC00aMLCM 2008/40041 (L)00aReports of an investigation concerning the cost of maintaining the public school system of the City of New York :btogether with an analysis of the Board of Education departmental estimate for 1906 /cby the Department of Finance (Investigations Division), submitted to the Board of Estimate and Apportionment. New York, October 31, 1905. aNew York :bM. B. Brown,c1905. a82 p. ;c25 cm. 0aSchoolszNew York (State)zNew York. 0aEducationzNew York (State)zNew YorkxFinance.1 aNew York (N.Y.).bDepartment of Finance. c19162d19162